Statistiche per Riconosci il Calciatore - Quiz n°31

Clicka qui per fare il quiz!

Statistiche generali

  • Questo quiz è stato fatto 9 volte
  • Il punteggio medio è 13 su 17

Statistiche sulle risposte

IndizioRisposta% Corretto
Squadra di club 3Siviglia 2016-2019
100%
Squadra di club 2Tolosa 2010-2016
100%
Squadra di club 1UJA Alfortville 2009-2010
100%
NazionalitàFrancia
88%
Squadra di club 4Monaco 2019-
88%
Trofei per clubUEFA Nations League: 1
2020-2021
88%
Trofei per nazionali0
75%
Data di nascita12/08/1990
75%
RuoloAttaccante
75%
Trofei individualiCapocannoniere della Ligue 1: 1
2019-2020 (18 gol, a pari merito con Kylian Mbappé)
Capocannoniere della Coppa di Francia: 1
2021-2022 (5 gol)
Trophées UNFP du football: 1
Squadra ideale della Ligue 1: 2022
75%
Altezza170 cm
63%
Presenze in nazionale19
63%
Gol nei club270
63%
Gol in nazionale3
63%
Presenze nei club538
63%
Peso68 kg
63%
CalciatoreWissam Ben Yedder
63%

Distribuzione punteggi

Percentile per numero di risposta

Percentuale di utenti per punteggio

I tuoi punteggi nel tempo

Non hai fatto questo quiz